00302nam a22001097a 4500082003000000100002000030245003700050260003500087300002400122526003700146650000900183 a297.4092bshacN-01, P-50 aSharif, Kunjahi aوارث شاہcSharif, Kunjahi apakistanbAl-ahmad publicaions a184 p.bill.c23 cm a0b0c0d297_409200000000000_SHA aNUST